LDR 01062nam a2200241 i 4500 001 000000156203 003 CaOOAMICUS 005 20260527112937.0 008 061129s1969 it u000 u ita u 020 $a88-02-02774-9 040 $aSeMil$bita 245 10$a[2]: Il mondo antico e la Grecia arcaica /$cMario Attilio Levi. 300 $aXIII, 543 p., 48 c. di tav. 650 4$aStoria antica.$0(OLS)http://semarc/subject/995 650 4$aGrecia antica - Storia.$0(OLS)http://semarc/subject/114 700 1 $aLevi, Mario Attilio,$d<1902-1998>.$0(OLS)http://semarc/name/1041 773 0 $tNuova storia universale dei popoli e delle civiltà .$dTorino : Unione Tipografico-Editrice Torinese, 1969-1986.$g2$w()16922 850 $aSeMil 852 $aSeMil$W1$xVenegono$y1$mSL1.G I 2$j272606$B108005$CSeMilBibl$Z2$F117912 $8I 961 $aOmaggio: Villa don Cesare 996 $6020$a88-02-02774-9$9(OLS)http://semarc/number/146345 996 $6245$a[2]: Il mondo antico e la Grecia arcaica$9(OLS)http://semarc/title/228945